header

Supply chain excellence (Record no. 238328)

MARC details
000 -LEADER
fixed length control field 01434nam a2200349 a 4500
082 04 - DEWEY DECIMAL CLASSIFICATION NUMBER
Classification number 658.7
100 1# - MAIN ENTRY--AUTHOR NAME
Personal name Bolstorff, Peter.
245 10 - TITLE STATEMENT
Title Supply chain excellence
250 ## - EDITION STATEMENT
Edition statement 3rd ed.
260 ## - PUBLICATION, DISTRIBUTION, ETC. (IMPRINT)
Place of publication New York :
Name of publisher American Management Association,
Year of publication 2012.
300 ## - PHYSICAL DESCRIPTION
Number of Pages xviii, 284 p. :
Other physical details ill.
500 ## - GENERAL NOTE
General note "Adapted for use with SAP and Global Projects"--Cover.
650 #0 - SUBJECT ADDED ENTRY--TOPICAL TERM
Topical Term Business logistics
700 1# - ADDED ENTRY--PERSONAL NAME
Personal name Rosenbaum, Robert
856 40 - ELECTRONIC LOCATION AND ACCESS
Uniform Resource Identifier http://site.ebrary.com/lib/rucke/Doc?id=10521979

No items available.

© 2026 Rongo University
Contact us: librarian | system librarian | Rongo university